00437 2200145 4500001002100000008004100021035002000062245003600082100002000118260002600138300001400164082001000178650009000188990001300278INLIS000000000000522 ind  a0010-0322000522 aASAL MULA CANDI PRAMBANANcIKHA aTIRA IKRANEGARA aSURABAYAbKARYA AGUNG ahlm.ccm. a398.2 aFOLK LITERATURE, FAIRY TALES, MYTH, MYTHOLOGY/CERITA RAKYAT, DONGENG, MITOS, MITOLOGI a102713-1